[Event "Chess24 Banter Blitz Cup"]
[Site "chess24.com INT"]
[Date "2019.12.23"]
[Round "2.10"]
[White "Guseinov, Gadir"]
[Black "Fressinet, Laurent"]
[Result "0-1"]
[WhiteTitle "GM"]
[BlackTitle "GM"]
[WhiteElo "2660"]
[BlackElo "2633"]
[WhiteFideId "13401378"]
[BlackFideId "608742"]
[EventDate "2019.09.25"]
[EventType "blitz"]

1. e4 e5 2. Nf3 Nc6 3. Bb5 a6 4. Ba4 Nf6 5. O-O Be7 6. d3 b5 7. Bb3 d6 8. a4 Bd7
9. Nc3 Na5 10. Ba2 b4 11. Ne2 O-O 12. Bd2 c5 13. Ng3 h6 14. Nh4 Re8 15. Nhf5 Bf8
16. f4 exf4 17. Bxf4 Be6 18. Bxe6 fxe6 19. Nxd6 Bxd6 20. e5 Be7 21. exf6 Bxf6
22. Kh1 Bxb2 23. Rb1 Bd4 24. Qg4 Kh8 25. Nh5 Ra7 26. Rbe1 Rf8 27. Rxe6 Raf7 28.
Rfe1 Qd5 29. h3 Nc6 30. Rd6 Rxf4 31. Qxf4 Rxf4 32. Rxd5 Rf2 33. Rd6 Ne5 34. Rxd4
cxd4 35. Rxe5 Rxc2 36. Re8+ Kh7 37. Rb8 a5 38. g4 Kg6 39. h4 Kf7 40. Rb7+ Ke6
41. Nxg7+ Ke5 42. g5 hxg5 43. hxg5 Kf4 44. Ne6+ Kg3 45. Rc7 b3 46. Nxd4 Rxc7 47.
Nxb3 Rc3 48. Kg1 Rxb3 49. Kf1 Rxd3 50. Ke2 Rd5 51. g6 Rg5 52. g7 Rxg7 53. Kd3
Rg4 54. Kc3 Rxa4 55. Kb3 Rb4+ 56. Kc3 Kf4 57. Kd3 Ke5 58. Kc3 Kd5 0-1

[Event "Chess24 Banter Blitz Cup"]
[Site "chess24.com INT"]
[Date "2019.12.23"]
[Round "2.11"]
[White "Fressinet, Laurent"]
[Black "Guseinov, Gadir"]
[Result "1-0"]
[WhiteTitle "GM"]
[BlackTitle "GM"]
[WhiteElo "2633"]
[BlackElo "2660"]
[WhiteFideId "608742"]
[BlackFideId "13401378"]
[EventDate "2019.09.25"]
[EventType "blitz"]

1. e4 g6 2. d4 Bg7 3. Nc3 d6 4. Be3 Nf6 5. Nf3 c6 6. Qd2 b5 7. Bd3 Bg4 8. Bh6
Bxh6 9. Qxh6 Bxf3 10. gxf3 Nbd7 11. O-O-O b4 12. Ne2 Qa5 13. Kb1 O-O-O 14. Qd2
c5 15. f4 c4 16. Bxc4 Nxe4 17. Qe3 d5 18. Bd3 Nef6 19. Qxe7 Rde8 20. Qxf7 Ng4
21. Rc1 Kd8 22. c4 Nxf2 23. c5 Re7 24. Qxd5 Nxd3 25. Rc2 Rhe8 26. Nc1 Nxf4 27.
Qa8+ Kc7 28. Qf3 g5 29. d5 Re3 30. d6+ Kb8 31. Qc6 Rd8 32. Nb3 Rxb3 33. axb3 Ne6
34. Qd5 Nexc5 35. Rhc1 Rc8 36. Qf7 Qb5 37. Rc4 a5 38. Qd5 Ka7 39. Qd4 Kb6 40.
Qe3 Rf8 41. Qd4 Rc8 42. Qd5 g4 43. Qd4 Qc6 44. Qf2 Qd5 45. Ka2 Qd3 46. Qc2 Qxc2
47. R4xc2 Kc6 48. Kb1 Kxd6 49. Rd2+ Kc6 50. Rdc2 a4 51. Rd2 axb3 52. Rxc5+ Kb6
53. Rxc8 Ne5 54. Rd6+ Kb7 55. Rd5 Nc4 56. Re5 Kb6 57. Re4 Kb7 58. Rexc4 Kb6 59.
R4c7 Kb5 60. Rc6 Ka5 61. Rc5+ Ka4 62. R5c6 1-0

[Event "Chess24 Banter Blitz Cup"]
[Site "chess24.com INT"]
[Date "2019.12.23"]
[Round "2.12"]
[White "Guseinov, Gadir"]
[Black "Fressinet, Laurent"]
[Result "0-1"]
[WhiteTitle "GM"]
[BlackTitle "GM"]
[WhiteElo "2660"]
[BlackElo "2633"]
[WhiteFideId "13401378"]
[BlackFideId "608742"]
[EventDate "2019.09.25"]
[EventType "blitz"]

1. e4 e5 2. Nf3 Nc6 3. Bb5 a6 4. Bxc6 dxc6 5. O-O Bd6 6. d4 exd4 7. Qxd4 f6 8.
Be3 Ne7 9. Nbd2 Be6 10. Rad1 Ng6 11. Qc3 Qd7 12. Nd4 O-O-O 13. Nxe6 Qxe6 14. Qb3
Qxb3 15. axb3 Rd7 16. f3 Rhd8 17. Kf2 Bf4 18. Ke2 Bxh2 19. f4 h5 20. f5 Ne5 21.
Rh1 Ng4 22. g3 Bxg3 23. Rxh5 Nxe3 24. Kxe3 Be5 25. Rh4 Bxb2 26. Rb1 Rxd2 27.
Rxb2 Rg2 28. Rb1 Rxc2 29. Rg4 Rd7 30. Rh1 Rc3+ 31. Kf4 b5 32. Rh8+ Kb7 33. Rg8
Rxb3 34. R4xg7 Rdd3 35. Rg2 a5 36. Rf8 Rd6 37. Rg6 a4 38. Rfxf6 Rxf6 39. Rxf6 a3 0-1

[Event "Chess24 Banter Blitz Cup"]
[Site "chess24.com INT"]
[Date "2019.12.23"]
[Round "2.13"]
[White "Fressinet, Laurent"]
[Black "Guseinov, Gadir"]
[Result "1/2-1/2"]
[WhiteTitle "GM"]
[BlackTitle "GM"]
[WhiteElo "2633"]
[BlackElo "2660"]
[WhiteFideId "608742"]
[BlackFideId "13401378"]
[EventDate "2019.09.25"]
[EventType "blitz"]

1. Nf3 g6 2. d4 Nf6 3. Bg5 Bg7 4. Nbd2 d6 5. c3 O-O 6. e4 b6 7. Bd3 Bb7 8. O-O
Nbd7 9. Re1 e5 10. a4 a5 11. Bc2 h6 12. Bh4 Re8 13. Bg3 Qe7 14. Bb3 Qf8 15. dxe5
dxe5 16. Qc2 Rad8 17. Bc4 Nh5 18. Rad1 Nc5 19. b3 Qe7 20. Bh4 Bf6 21. Bg3 Kh7
22. b4 Nxg3 23. hxg3 axb4 24. cxb4 Ne6 25. Qb3 Nd4 26. Nxd4 Rxd4 27. Nf3 Rxd1
28. Rxd1 Kg7 29. Bd5 c6 30. Bc4 h5 31. b5 cxb5 32. Bxb5 Rd8 33. Rxd8 Qxd8 34.
Bc4 Bxe4 35. Bxf7 Bf5 36. Bd5 e4 37. Nd2 e3 38. fxe3 Qc7 39. Ne4 Bxe4 40. Bxe4
Qxg3 41. Qe6 Qxe3+ 42. Kf1 Qf4+ 43. Ke2 Kh6 44. Kd3 Qf2 45. Qd5 h4 46. Kc4 Qb2
47. Bd3 Qa3 48. Kb5 Qb2+ 49. Ka6 Qb4 50. Qe4 Qa5+ 51. Kb7 Qg5 52. Kxb6 Bd8+ 53.
Kb7 Qf6 54. a5 Qf7+ 55. Kc8 Bxa5 56. Qxh4+ Kg7 57. Qd4+ Kh6 58. Qh4+ Kg7 59.
Qd4+ Kf8 60. Qh8+ Ke7 61. Qe5+ Kf8 62. Qxa5 Qe8+ 63. Qd8 Qxd8+ 64. Kxd8 g5 65.
Bf5 g4 66. Bxg4 Kg7 67. Bf3 Kf6 68. Kd7 Ke5 69. Kc6 Kf6 70. g4 Kg5 71. Kd5 Kf4
72. Ke6 Kg5 73. Ke5 Kh4 74. Kf4 Kh3 75. g5 Kh2 76. g6 Kg1 77. g7 Kf2 78. g8=Q
Ke1 79. Qg2 1/2-1/2

[Event "Chess24 Banter Blitz Cup"]
[Site "chess24.com INT"]
[Date "2019.12.23"]
[Round "2.14"]
[White "Guseinov, Gadir"]
[Black "Fressinet, Laurent"]
[Result "1-0"]
[WhiteTitle "GM"]
[BlackTitle "GM"]
[WhiteElo "2660"]
[BlackElo "2633"]
[WhiteFideId "13401378"]
[BlackFideId "608742"]
[EventDate "2019.09.25"]
[EventType "blitz"]

1. e4 e5 2. Nf3 Nc6 3. Bb5 a6 4. Ba4 Nf6 5. O-O Bc5 6. c3 O-O 7. d4 Ba7 8. Re1
d6 9. Bg5 h6 10. Bxf6 Qxf6 11. Bxc6 bxc6 12. h3 Re8 13. dxe5 dxe5 14. Nbd2 Qg6
15. Kf1 a5 16. Nc4 Ba6 17. Qe2 Qe6 18. b3 a4 19. Red1 Rab8 20. Nfd2 Bc5 21. Kg1
Bf8 22. Qe3 axb3 23. axb3 Bxc4 24. bxc4 Rbd8 25. Nf3 Rxd1+ 26. Rxd1 Qxc4 27. Nh4
g6 28. Nf3 Kg7 29. Nh2 Qe6 30. Ng4 h5 31. Nh2 Be7 32. Nf3 Rd8 33. Rb1 Bf6 34.
Kh2 Qc4 35. Rb4 Qd3 36. Qxd3 Rxd3 37. Rc4 Rd6 38. g4 hxg4 39. hxg4 Kf8 40. g5
Bg7 41. Rc5 Re6 42. Kg3 Ke7 43. Nd2 Kd8 44. Ra5 Rd6 45. Nf3 Ke7 46. Ra7 Rd7 47.
Ra8 f6 48. Kg4 Rd3 49. gxf6+ Bxf6 50. c4 Rc3 51. Ra4 Kd6 52. Ra8 Rxc4 53. Rg8
Rxe4+ 54. Kg3 c5 55. Rxg6 Ke7 56. Rg8 c4 57. Rc8 Kd7 58. Rf8 Be7 59. Ra8 c3 60.
Ra2 Bd6 61. Rc2 Rc4 62. Kg2 e4 63. Ng1 Kc6 64. Ne2 Be5 65. f4 exf3+ 66. Kxf3 Kc5
67. Ke3 Kb4 68. Kd3 Rc6 69. Rc1 Rd6+ 70. Ke4 Kb3 71. Kxe5 Kb2 72. Rxc3 Rd2 73.
Re3 c5 74. Nf4 c4 75. Nd5 Rxd5+ 76. Kxd5 c3 77. Kc4 c2 78. Rb3+ Ka2 79. Rc3 Kb1
80. Rb3+ Ka2 81. Rb8 1-0

[Event "Chess24 Banter Blitz Cup"]
[Site "chess24.com INT"]
[Date "2019.12.23"]
[Round "2.15"]
[White "Fressinet, Laurent"]
[Black "Guseinov, Gadir"]
[Result "0-1"]
[WhiteTitle "GM"]
[BlackTitle "GM"]
[WhiteElo "2633"]
[BlackElo "2660"]
[WhiteFideId "608742"]
[BlackFideId "13401378"]
[EventDate "2019.09.25"]
[EventType "blitz"]

1. Nf3 g6 2. e4 c5 3. c3 Bg7 4. d4 cxd4 5. cxd4 d5 6. e5 Nh6 7. h3 O-O 8. Nc3
Nc6 9. Bd3 Nf5 10. Ne2 f6 11. exf6 Bxf6 12. O-O Nfxd4 13. Nexd4 Nxd4 14. Nxd4
Bxd4 15. Bxg6 Qb6 16. Bc2 e5 17. Kh1 e4 18. Bb3 Be6 19. Qh5 Rf5 20. Qh4 Kh8 21.
Be3 Raf8 22. Rfd1 Bxe3 23. fxe3 Qxe3 24. Qe7 Qh6 25. Bxd5 Bxd5 0-1

[Event "Chess24 Banter Blitz Cup"]
[Site "chess24.com INT"]
[Date "2019.12.23"]
[Round "2.16"]
[White "Guseinov, Gadir"]
[Black "Fressinet, Laurent"]
[Result "0-1"]
[WhiteTitle "GM"]
[BlackTitle "GM"]
[WhiteElo "2660"]
[BlackElo "2633"]
[WhiteFideId "13401378"]
[BlackFideId "608742"]
[EventDate "2019.09.25"]
[EventType "blitz"]

1. e4 e5 2. Nf3 Nc6 3. Bb5 a6 4. Ba4 Nf6 5. O-O Be7 6. d3 d6 7. c4 O-O 8. h3 Nd4
9. Nxd4 exd4 10. Nd2 Nd7 11. Nf3 Bf6 12. Bf4 Nc5 13. Bc2 Re8 14. Re1 b5 15. b3
Bb7 16. Qd2 bxc4 17. bxc4 Rb8 18. g4 g6 19. Bg5 Bc6 20. Rab1 Bxg5 21. Nxg5 Qf6
22. f4 Ne6 23. Nxe6 fxe6 24. Rf1 Rxb1 25. Bxb1 Rf8 26. Qa5 e5 27. Qxc7 Qh4 28.
Kg2 exf4 29. Rf3 Qe1 30. Qxc6 Qxb1 31. Qd5+ Kg7 32. Qxd4+ Kg8 33. Qf2 g5 34. Qd2
Rb8 35. Rf2 Qa1 36. Qa5 Rb1 37. Qxg5+ Kh8 38. Qd8+ Kg7 39. Qe7+ Kg8 40. Qe6+ Kg7
41. Kf3 Rf1 42. Qd7+ Kg8 43. Qd8+ Kg7 44. Qc7+ Kg8 45. Qd8+ Kg7 46. Qb6 Qe1 47.
Kg2 Rg1+ 48. Kf3 Rf1 49. Qd4+ Kg8 50. Qd5+ Kg7 51. Qg5+ Kh8 52. Qf6+ Kg8 53.
Qe6+ Kg7 54. Qe7+ Kg8 55. Qd8+ Kg7 56. Qc7+ Kh8 57. Qb8+ Kg7 58. Qa7+ Kh8 59.
Kg2 Rg1+ 60. Kf3 Rf1 61. g5 Qd1+ 62. Kg2 Rg1+ 63. Kh2 Rh1+ 64. Kg2 Qg1+ 65. Kf3
Qg3+ 66. Ke2 f3+ 67. Kd2 Qf4+ 68. Qe3 Rd1+ 69. Kxd1 Qxe3 70. Rxf3 Qxf3+ 71. Kd2
Qxh3 72. Kc3 Qg4 73. c5 Qxg5 74. e5 Qg6 75. e6 Qe8 76. c6 Qxc6+ 77. Kb4 Qc5+ 78.
Ka4 Qb5+ 0-1

[Event "Chess24 Banter Blitz Cup"]
[Site "chess24.com INT"]
[Date "2020.01.03"]
[Round "1.1"]
[White "Bacrot, Etienne"]
[Black "Tejedor Fuente, Enrique"]
[Result "1/2-1/2"]
[WhiteTitle "GM"]
[BlackTitle "FM"]
[WhiteElo "2671"]
[BlackElo "2453"]
[WhiteFideId "605506"]
[BlackFideId "2299100"]
[EventDate "2019.09.25"]
[EventType "blitz"]

1. d4 Nf6 2. Nf3 c5 3. d5 e6 4. Nc3 d6 5. e4 g6 6. Bb5+ Bd7 7. dxe6 fxe6 8. e5
dxe5 9. Nxe5 Bg7 10. Nxd7 Nbxd7 11. O-O O-O 12. Qe2 Qe7 13. Bc4 Rae8 14. Bg5 a6
15. a4 Nb6 16. Ba2 Kh8 17. Rfe1 Qc7 18. h3 c4 19. Rad1 Qc5 20. Be3 Qb4 21. Bxb6
Qxb6 22. Rb1 Nh5 23. Ne4 Nf4 24. Qxc4 Rc8 25. Qb3 Qc6 26. c3 Nd3 27. Re2 Nf4 28.
Re3 Nd5 29. Ree1 Nf4 30. Qc2 h6 31. Rbd1 Rcd8 32. h4 Qb6 33. g3 Nd5 34. Qe2 Qc6
35. Bb1 Ne7 36. Qg4 Qxa4 37. Rxd8 Rxd8 38. Qxe6 Qd7 39. Qxd7 Rxd7 40. Nc5 Rc7
41. Ne6 Rd7 42. Ba2 Nc6 43. Nf4 g5 44. Ng6+ Kh7 45. Bb1 Kg8 46. hxg5 hxg5 47.
Ba2+ Kh7 48. Bb1 Kh6 49. Re6 g4 50. Kg2 Kg5 51. Nf4 Ne5 52. Be4 Rc7 53. Rd6 b5
54. Ne6+ Kf6 55. Nxc7+ Ke7 56. Re6+ Kd7 57. Rxe5 Bxe5 58. Nxa6 b4 59. Nxb4 Bd6
60. Bf5+ Ke7 61. Bxg4 Bc7 62. Bf3 Kd6 63. Be2 Bb8 64. Bf1 Ke7 65. c4 Bc7 66. c5
Bd6 67. Nd5+ Ke6 68. cxd6 Kxd6 69. Nf4 Kd7 70. Kf3 Kd6 71. Ke3 Ke7 72. Kf3 Kf6
73. Ke3 Ke7 74. Kf3 Kf6 75. Ke4 Ke7 76. Nh5 Kf8 77. g4 Ke8 78. Nf4 Kf8 79. Nd3
Ke7 80. Ne5 Ke8 81. g5 Kf8 1/2-1/2

[Event "Chess24 Banter Blitz Cup"]
[Site "chess24.com INT"]
[Date "2020.01.03"]
[Round "1.2"]
[White "Tejedor Fuente, Enrique"]
[Black "Bacrot, Etienne"]
[Result "0-1"]
[WhiteTitle "FM"]
[BlackTitle "GM"]
[WhiteElo "2453"]
[BlackElo "2671"]
[WhiteFideId "2299100"]
[BlackFideId "605506"]
[EventDate "2019.09.25"]
[EventType "blitz"]

1. e4 g6 2. d4 Bg7 3. Nc3 d6 4. Be3 a6 5. a4 Nc6 6. Nf3 Nf6 7. h3 O-O 8. Be2 e5
9. O-O Nh5 10. dxe5 dxe5 11. Nd5 Be6 12. c3 Kh8 13. Qb3 Rb8 14. Rfd1 f5 15. Bc5
Rf7 16. Qc2 Rd7 17. Ne3 Nf4 18. Bf1 Qe8 19. Rxd7 Bxd7 20. Rd1 Rd8 21. g3 fxe4
22. Qxe4 Nxh3+ 23. Bxh3 Bxh3 24. Qh4 Rxd1+ 25. Nxd1 Bd7 26. Ng5 h6 27. Ne4 Nd8
28. Be3 Qf8 29. c4 Ne6 30. Ndc3 c6 31. c5 Nd4 32. Nd2 Kg8 33. Nce4 Be6 34. b4
Bd5 35. Qg4 Kh7 36. Qh4 Kg8 37. Qg4 Qf5 38. Qxf5 gxf5 39. Nd6 Nc2 40. Nxf5 Nxb4
41. Nxg7 Kxg7 42. f3 Nd3 43. Kf1 h5 44. Ke2 Nb2 45. a5 Bc4+ 46. Kf2 Nd3+ 47. Kg2
Kg6 48. Ne4 Bd5 49. Nd6 Ne1+ 50. Kf2 Nxf3 51. Nxb7 Nd4 52. Nd6 Nb3 53. Nb7 Kf5
54. Bh6 Kg4 55. Nd6 Nxc5 56. Ne8 Ne4+ 57. Ke3 Nxg3 58. Nc7 Kf5 59. Nxa6 Ke6 60.
Nb4 c5 61. Nxd5 Kxd5 62. Kf3 Nf5 63. Bd2 Nd4+ 64. Kf2 Nb3 65. Be1 Kc6 66. a6 Kb6
67. Ke3 Kxa6 68. Ke4 Kb5 69. Bh4 c4 70. Kxe5 c3 71. Kf5 c2 72. Bg5 Kc4 73. Bd2
Nxd2 74. Kg5 c1=Q 0-1

[Event "Chess24 Banter Blitz Cup"]
[Site "chess24.com INT"]
[Date "2020.01.03"]
[Round "1.3"]
[White "Bacrot, Etienne"]
[Black "Tejedor Fuente, Enrique"]
[Result "0-1"]
[WhiteTitle "GM"]
[BlackTitle "FM"]
[WhiteElo "2671"]
[BlackElo "2453"]
[WhiteFideId "605506"]
[BlackFideId "2299100"]
[EventDate "2019.09.25"]
[EventType "blitz"]

1. d4 Nf6 2. Nf3 e6 3. c4 d5 4. e3 a6 5. a3 dxc4 6. Bxc4 b5 7. Ba2 Bb7 8. Nc3
Nbd7 9. O-O c5 10. Qe2 Be7 11. Rd1 Qb6 12. d5 exd5 13. Nxd5 Nxd5 14. Bxd5 Bxd5
15. Rxd5 Nf6 16. Re5 Nd7 17. Rd5 Nf6 18. Re5 Nd7 19. Rh5 Nf6 20. Rh3 O-O 21. e4
Rad8 22. e5 Nd5 23. Qc2 Qg6 24. Qe2 Rd7 25. Bd2 Rfd8 26. Re1 Qc2 27. Rg3 Qf5 28.
Ba5 Re8 29. Bd2 Red8 30. Bg5 Re8 31. h4 Bf8 32. Bc1 c4 33. Rg5 Qd3 34. Rg4 Qxe2
35. Rxe2 Nf6 36. Rd4 Rxd4 37. Nxd4 Nd7 38. Bf4 Nb6 39. g4 c3 40. bxc3 Bxa3 41.
Ra2 Nc4 42. Nc2 Bb2 43. Rxa6 Bxc3 44. Rc6 Bxe5 45. Bxe5 Nxe5 46. Rc5 Nxg4 47.
Rxb5 g6 48. Kf1 Nh2+ 49. Kg2 Ng4 50. Kf3 Ne5+ 51. Kg3 Kg7 52. Ne3 Nc6 53. Rc5
Nd4 54. Kg4 Re4+ 55. Kg3 Ne6 56. Ra5 Rb4 57. Ra7 Nc5 58. h5 Ne4+ 59. Kf3 Ng5+
60. Kg3 Rb2 61. hxg6 hxg6 62. Ng4 Rb3+ 63. Kg2 Ne6 64. Ne5 Nf4+ 65. Kh2 Kf6 66.
Nxf7 Rh3+ 67. Kg1 Ne2+ 68. Kf1 Nf4 69. Kg1 Rh7 70. Ra4 Nh3+ 71. Kg2 g5 72. Ra6+
Kf5 73. Ra5+ Kg4 74. Ne5+ Kf4 75. Ng6+ Ke4 76. Ra4+ Kf5 77. Ne7+ Ke6 78. Re4+
Kf7 79. Kg3 Nf4 80. Nf5 Nh5+ 81. Kg4 Nf6+ 82. Kxg5 Nxe4+ 83. Kf4 Nf6 84. Ke5 Nh5
85. Nd6+ Kg6 86. Ne4 Re7+ 87. Kd4 Nf6 88. Ke3 Nxe4 89. Kf3 Nxf2 90. Kg2 Rf7 91.
Kg1 Ne4 0-1

[Event "Chess24 Banter Blitz Cup"]
[Site "chess24.com INT"]
[Date "2020.01.03"]
[Round "1.4"]
[White "Tejedor Fuente, Enrique"]
[Black "Bacrot, Etienne"]
[Result "1-0"]
[WhiteTitle "FM"]
[BlackTitle "GM"]
[WhiteElo "2453"]
[BlackElo "2671"]
[WhiteFideId "2299100"]
[BlackFideId "605506"]
[EventDate "2019.09.25"]
[EventType "blitz"]

1. e4 g6 2. h4 Bg7 3. h5 d6 4. Nc3 c5 5. Bc4 Nc6 6. Nf3 e6 7. d3 Nge7 8. h6 Bf8
9. Bg5 a6 10. Bf6 Rg8 11. Ng5 b5 12. Bb3 a5 13. a4 b4 14. Nb5 1-0

[Event "Chess24 Banter Blitz Cup"]
[Site "chess24.com INT"]
[Date "2020.01.03"]
[Round "1.5"]
[White "Bacrot, Etienne"]
[Black "Tejedor Fuente, Enrique"]
[Result "1-0"]
[WhiteTitle "GM"]
[BlackTitle "FM"]
[WhiteElo "2671"]
[BlackElo "2453"]
[WhiteFideId "605506"]
[BlackFideId "2299100"]
[EventDate "2019.09.25"]
[EventType "blitz"]

1. d4 Nf6 2. Nf3 e6 3. c4 d5 4. Nc3 a6 5. e3 dxc4 6. Bxc4 b5 7. Bb3 Bb7 8. O-O
Nbd7 9. Qe2 c5 10. Rd1 Qb6 11. h3 Be7 12. e4 cxd4 13. Nxd4 Nc5 14. e5 Nfd7 15.
Bc2 b4 16. Na4 Qa5 17. Nxc5 Nxc5 18. Qg4 g6 19. Bh6 Nd7 20. Nxe6 fxe6 21. Qxe6
Nc5 22. Qg4 Bc8 23. Qxg6+ 1-0

[Event "Chess24 Banter Blitz Cup"]
[Site "chess24.com INT"]
[Date "2020.01.03"]
[Round "1.6"]
[White "Tejedor Fuente, Enrique"]
[Black "Bacrot, Etienne"]
[Result "1-0"]
[WhiteTitle "FM"]
[BlackTitle "GM"]
[WhiteElo "2453"]
[BlackElo "2671"]
[WhiteFideId "2299100"]
[BlackFideId "605506"]
[EventDate "2019.09.25"]
[EventType "blitz"]

1. e4 c5 2. Nc3 Nc6 3. g3 e5 4. Bg2 d6 5. d3 g6 6. f4 Bg7 7. Nf3 Nge7 8. O-O O-O
9. fxe5 dxe5 10. Be3 b6 11. Qd2 Nd4 12. Rf2 Qd6 13. Raf1 Be6 14. Ng5 Rad8 15.
Nxe6 Qxe6 16. Bg5 f6 17. Be3 h5 18. Nd5 Kh7 19. c3 Ndc6 20. a3 Ng8 21. b4 cxb4
22. axb4 Nce7 23. d4 f5 24. Bg5 exd4 25. exf5 Nxf5 26. Bxd8 Rxd8 27. Re1 Qf7 28.
c4 Nf6 29. Rxf5 gxf5 30. Re7 Qf8 31. Rxa7 Nxd5 32. Bxd5 Qf6 33. Qe2 Qg5 34. Kf2
h4 35. Ra3 Bh6 36. Ra7+ Bg7 37. Ra3 Bh6 38. Rf3 hxg3+ 39. Rxg3 Qf4+ 40. Kg2 Qd6
41. Qh5 Qf6 42. Bf7 d3 43. Rg6 Qb2+ 44. Kh3 Qd2 45. Qxf5 Qf4 46. Rxh6+ Kxh6 47.
Qg6# 1-0

[Event "Chess24 Banter Blitz Cup"]
[Site "chess24.com INT"]
[Date "2020.01.03"]
[Round "1.7"]
[White "Bacrot, Etienne"]
[Black "Tejedor Fuente, Enrique"]
[Result "1-0"]
[WhiteTitle "GM"]
[BlackTitle "FM"]
[WhiteElo "2671"]
[BlackElo "2453"]
[WhiteFideId "605506"]
[BlackFideId "2299100"]
[EventDate "2019.09.25"]
[EventType "blitz"]

1. e4 c5 2. Nf3 d6 3. d4 cxd4 4. Nxd4 Nf6 5. Nc3 a6 6. Be2 Nc6 7. O-O e6 8. Be3
Be7 9. f4 Bd7 10. Qe1 Nxd4 11. Bxd4 Bc6 12. Qg3 O-O 13. Rae1 Kh8 14. Bd3 Ne8 15.
Qh3 Kg8 16. Kh1 g6 17. f5 Bf6 18. fxg6 hxg6 19. Bxf6 Nxf6 20. Rf4 Kg7 21. Ref1
Nd7 22. Ne2 Ne5 23. Nd4 Qg5 24. Rxf7+ Nxf7 25. Nxe6+ Kg8 26. Nxg5 Nxg5 27. Qg4
Rxf1+ 28. Bxf1 Nxe4 29. Qxg6+ Kf8 30. Qh6+ Ke7 31. Qg7+ Ke6 32. Kg1 Re8 33. h4
Re7 34. Qg6+ Kd7 35. h5 Re6 36. Qg7+ Re7 37. Qg4+ Kc7 38. h6 Nf6 39. Qg6 Nd5 40.
h7 Nf4 41. Qf5 1-0

[Event "Chess24 Banter Blitz Cup"]
[Site "chess24.com INT"]
[Date "2020.01.03"]
[Round "1.8"]
[White "Tejedor Fuente, Enrique"]
[Black "Bacrot, Etienne"]
[Result "0-1"]
[WhiteTitle "FM"]
[BlackTitle "GM"]
[WhiteElo "2453"]
[BlackElo "2671"]
[WhiteFideId "2299100"]
[BlackFideId "605506"]
[EventDate "2019.09.25"]
[EventType "blitz"]

1. e4 c5 2. Nc3 Nc6 3. g3 h5 4. Bg2 h4 5. g4 e5 6. d3 Be7 7. Nh3 d6 8. O-O Be6
9. f4 exf4 10. Nxf4 Qd7 11. h3 Bf6 12. Nfd5 Bd4+ 13. Kh1 Nge7 14. Ne2 Be5 15. c3
Bg3 16. Nxg3 hxg3 17. Kg1 Ne5 18. Bf4 Bxd5 19. exd5 N7g6 20. Bxg3 O-O-O 21. b3
Nh4 22. Be4 Kb8 23. Qe2 Rde8 24. Rae1 Nhg6 25. Qg2 Nh4 26. Qf2 g5 27. d4 cxd4
28. cxd4 Nxg4 29. hxg4 Qxg4 30. Bg2 Ka8 31. Rxe8+ Rxe8 32. Qxf7 Rb8 33. Qf2 a6
34. Bxh4 gxh4 35. Qf4 Qe2 36. Rf2 Qe1+ 37. Kh2 Rg8 38. b4 h3 39. Kxh3 Rh8+ 40.
Kg3 Qc3+ 41. Bf3 Qe1 42. Qxd6 Qg1+ 43. Rg2 Qe1+ 44. Rf2 Qg1+ 45. Rg2 Qe1+ 46.
Kf4 Qc1+ 47. Kf5 Qb1+ 48. Be4 Qf1+ 49. Ke5 Re8+ 50. Qe6 Rf8 51. d6 Qf4+ 52. Kd5
Rd8 53. Rg8 Rxg8 54. Qxg8+ Ka7 55. Qe6 Qg5+ 56. Qe5 Qc1 57. d7 Qc6# 0-1

[Event "Chess24 Banter Blitz Cup"]
[Site "chess24.com INT"]
[Date "2020.01.03"]
[Round "1.9"]
[White "Bacrot, Etienne"]
[Black "Tejedor Fuente, Enrique"]
[Result "1-0"]
[WhiteTitle "GM"]
[BlackTitle "FM"]
[WhiteElo "2671"]
[BlackElo "2453"]
[WhiteFideId "605506"]
[BlackFideId "2299100"]
[EventDate "2019.09.25"]
[EventType "blitz"]

1. e4 d5 2. exd5 Qxd5 3. Nc3 Qd8 4. Nf3 Nf6 5. d4 Bg4 6. h3 Bxf3 7. Qxf3 c6 8.
Bf4 e6 9. O-O-O Bd6 10. Bg5 h6 11. Bxf6 Qxf6 12. Qxf6 gxf6 13. Ne4 Be7 14. g4 h5
15. Be2 Nd7 16. f4 O-O-O 17. gxh5 Rdg8 18. Rhg1 Nb6 19. f5 exf5 20. Ng3 f4 21.
Nf5 Bf8 22. Rde1 Nd5 23. Bg4 Kd8 24. c4 Ne3 25. Nxe3 fxe3 26. Kc2 f5 27. Bxf5
Rxg1 28. Rxg1 Rxh5 29. Bg4 Rg5 30. Rf1 Ke7 31. Kd3 Ra5 32. a3 Bh6 33. h4 b6 34.
Rf5 Rxf5 35. Bxf5 Kd6 36. Bg4 c5 37. b4 Bf4 38. Ke4 Bh6 39. dxc5+ bxc5 40. b5
Kc7 41. Kf5 Kb6 42. Kf6 Ka5 43. Bd1 a6 44. bxa6 Kxa6 45. Kxf7 Bf4 46. h5 Kb6 47.
Kg6 1-0

[Event "Chess24 Banter Blitz Cup"]
[Site "chess24.com INT"]
[Date "2020.01.03"]
[Round "1.10"]
[White "Tejedor Fuente, Enrique"]
[Black "Bacrot, Etienne"]
[Result "1-0"]
[WhiteTitle "FM"]
[BlackTitle "GM"]
[WhiteElo "2453"]
[BlackElo "2671"]
[WhiteFideId "2299100"]
[BlackFideId "605506"]
[EventDate "2019.09.25"]
[EventType "blitz"]

1. e4 e5 2. Nf3 Nf6 3. d4 Nxe4 4. Nxe5 d5 5. Nd2 Nf6 6. Bd3 Be7 7. O-O O-O 8.
Re1 c5 9. dxc5 Bxc5 10. Nb3 Bb6 11. Be3 Nc6 12. Nxc6 bxc6 13. a4 Re8 14. Qd2 Be6
15. a5 Bc7 16. Bf4 Qb8 17. Bxc7 Qxc7 18. h3 c5 19. Qc3 c4 20. Nd4 Qf4 21. Bf1
Bd7 22. Ne2 Qd6 23. Qg3 Qb4 24. Qc3 Qd6 25. Rad1 Ne4 26. Qd4 Bc6 27. f3 Ng5 28.
Qxc4 Qg6 29. Qg4 h5 30. Qg3 h4 31. Qg4 f5 32. Nf4 Rxe1 33. Rxe1 Qf6 34. Nxd5
Bxd5 35. Qb4 Qg6 36. Kh1 Nxf3 37. Re3 Re8 38. Rxe8+ Qxe8 39. Bc4 Qe6 40. Bxd5
Qxd5 41. gxf3 Qxf3+ 42. Kg1 Qg3+ 43. Kh1 Qxh3+ 44. Kg1 Qg3+ 45. Kf1 h3 46. Qc4+
Kh7 47. Qd5 h2 48. Qg2 f4 49. Qxg3 fxg3 50. Kg2 Kg6 51. b4 Kf6 52. b5 Ke6 53. b6
axb6 54. a6 1-0

[Event "Chess24 Banter Blitz Cup"]
[Site "chess24.com INT"]
[Date "2020.01.03"]
[Round "1.11"]
[White "Bacrot, Etienne"]
[Black "Tejedor Fuente, Enrique"]
[Result "1/2-1/2"]
[WhiteTitle "GM"]
[BlackTitle "FM"]
[WhiteElo "2671"]
[BlackElo "2453"]
[WhiteFideId "605506"]
[BlackFideId "2299100"]
[EventDate "2019.09.25"]
[EventType "blitz"]

1. e4 d5 2. exd5 Qxd5 3. Nc3 Qd8 4. Nf3 Nf6 5. Bc4 g6 6. d4 Bg7 7. Bg5 O-O 8.
Qd2 Nbd7 9. O-O-O Nb6 10. Bb3 a5 11. a3 a4 12. Ba2 Bg4 13. Rde1 Bxf3 14. gxf3
Qd7 15. h4 Rad8 16. Rd1 Qf5 17. Kb1 Qxf3 18. Rhe1 e6 19. Re3 Qc6 20. Rh3 Nc4 21.
Bxc4 Qxc4 22. h5 Nxh5 23. Bxd8 Rxd8 24. Qg5 Bf6 25. Qh6 Bg7 26. Qg5 Bf6 27. Qh6
Bg7 28. Qg5 1/2-1/2

[Event "Chess24 Banter Blitz Cup"]
[Site "chess24.com INT"]
[Date "2020.01.03"]
[Round "1.12"]
[White "Tejedor Fuente, Enrique"]
[Black "Bacrot, Etienne"]
[Result "0-1"]
[WhiteTitle "FM"]
[BlackTitle "GM"]
[WhiteElo "2453"]
[BlackElo "2671"]
[WhiteFideId "2299100"]
[BlackFideId "605506"]
[EventDate "2019.09.25"]
[EventType "blitz"]

1. e4 e5 2. Nf3 Nc6 3. Bb5 Nf6 4. d3 Bc5 5. c3 O-O 6. O-O d5 7. Nbd2 Re8 8. Qe2
a6 9. Ba4 h6 10. b4 Ba7 11. Bb3 Be6 12. a4 Nh5 13. g3 Nf6 14. b5 Na5 15. Bc2
dxe4 16. dxe4 Nd7 17. Rd1 Qf6 18. Kg2 Nc5 19. Nh4 Rad8 20. Rb1 Bb6 21. bxa6 bxa6
22. Nf5 Bxf5 23. exf5 e4 24. Nf1 Qxf5 25. Be3 Qe6 26. Rd4 Qc6 27. Rbd1 Nd3 28.
Rxd8 Rxd8 29. Bxb6 cxb6 30. Ne3 Nc4 31. Kg1 Nxe3 32. Qxe3 Qxc3 33. Qxb6 Re8 34.
Bxd3 exd3 35. Qxa6 Re1+ 36. Rxe1 Qxe1+ 37. Kg2 Qe4+ 38. f3 Qe2+ 39. Kh3 Qe6+ 40.
Qxe6 fxe6 0-1